000 00384nam a2200145Ia 4500
005 20250424120225.0
008 250424s9999 xx 000 0 und d
022 _a22767061
245 0 _aBayero university journal of public law
260 _aKano
260 _bDepartment of Public law, Bayero University, Kano.
260 _c2010
300 _aiv. , 179 p. ; 25 cm.
942 _cSR
999 _c38092
_d38092